000 00800cab a2200265 4500
001 ABS51067
008 090401t1994 xxu||||| |||| 00| 0 eng d
035 _a(Sirsi) u7773
041 _aeng
245 _aEstates Times survey: Northern Ireland & Republic
260 _c1994
350 _a0
490 _aEstates Times
_v(1243) 22 July 1994, 15-22(8)
650 _aBELFAST
650 _aCORK
650 _aDUBLIN
650 _aINDUSTRIAL MARKET
650 _aLAGANSIDE
650 _aNORTHERN IRELAND & REPUBLIC
650 _aPROPERTY-COMMERCIAL PROPERTY-OFFICE PROPERTY-OFFICE PROPERTY MARKET
650 _aPROPERTY-COMMERCIAL PROPERTY-RETAIL PROPERTY-RETAIL PROPERTY MARKET
690 _aPROPERTY-COMMERCIAL PROPERTY-COMMERCIAL PROPERTY MARKET
942 _n0
948 _c04/03/1997
999 _c4727
_d4727